|
|
|
|
| LEADER |
02305nam a22004093i 4500 |
| 001 |
EBC30686231 |
| 003 |
MiAaPQ |
| 005 |
20231204023231.0 |
| 006 |
m o d | |
| 007 |
cr cnu|||||||| |
| 008 |
231204s2012 xx o ||||0 spa d |
| 020 |
|
|
|a 9782807617902
|q (electronic bk.)
|
| 020 |
|
|
|z 9789052018973
|
| 035 |
|
|
|a (MiAaPQ)EBC30686231
|
| 035 |
|
|
|a (Au-PeEL)EBL30686231
|
| 035 |
|
|
|a (OCoLC)1261954742
|
| 040 |
|
|
|a MiAaPQ
|b eng
|e rda
|e pn
|c MiAaPQ
|d MiAaPQ
|
| 100 |
1 |
|
|a Armony, Victor.
|
| 245 |
1 |
0 |
|a Diversidad Cultural, Desigualdades y Democratización en América Latina.
|
| 250 |
|
|
|a 1st ed.
|
| 264 |
|
1 |
|a Brussels :
|b P.I.E. - Peter Lang SA Éditions Scientifiques Internationales,
|c 2012.
|
| 264 |
|
4 |
|c {copy}2013.
|
| 300 |
|
|
|a 1 online resource (273 pages)
|
| 336 |
|
|
|a text
|b txt
|2 rdacontent
|
| 337 |
|
|
|a computer
|b c
|2 rdamedia
|
| 338 |
|
|
|a online resource
|b cr
|2 rdacarrier
|
| 490 |
1 |
|
|a Diversitas Series ;
|v v.14
|
| 505 |
0 |
|
|a Cover -- Indice -- INTRODUCCION -- PARTE I -- CAPITULO 1 -- CAPITULO 2 -- PARTE II -- CAPITULO 3 -- CAPITULO 4 -- PARTE III -- CAPITULO 5 -- CAPITULO 6 -- PARTE IV -- CAPITULO 7 -- CAPITULO 8 -- CAPITULO 9 -- Sobre los autores -- Diversitas.
|
| 520 |
|
|
|a Este volumen reúne trabajos de distinguidos especialistas que se abocan a examinar la idea del reconocimiento de la diversidad cultural a través de casos contemporáneos, poniendo de relieve los vínculos entre indigeneidad y política, los desafíos de la participación ciudadana y el reconocimiento constitucional de la plurinacionalidad.
|
| 588 |
|
|
|a Description based on publisher supplied metadata and other sources.
|
| 590 |
|
|
|a Electronic reproduction. Ann Arbor, Michigan : ProQuest Ebook Central, 2023. Available via World Wide Web. Access may be limited to ProQuest Ebook Central affiliated libraries.
|
| 655 |
|
4 |
|a Electronic books.
|
| 700 |
1 |
|
|a Rousseau, Stéphanie.
|
| 776 |
0 |
8 |
|i Print version:
|a Armony, Victor
|t Diversidad Cultural, Desigualdades y Democratización en América Latina
|d Brussels : P.I.E. - Peter Lang SA Éditions Scientifiques Internationales,c2012
|z 9789052018973
|
| 797 |
2 |
|
|a ProQuest (Firm)
|
| 830 |
|
0 |
|a Diversitas Series
|
| 856 |
4 |
0 |
|u https://ebookcentral.proquest.com/lib/matrademy/detail.action?docID=30686231
|z Click to View
|